Score 0/16 Timer 03:00
0 Plays Today
Hint Answer % Correct
First team to win Super Bowl six timesPittsburgh Steelers
93%
Henry Cavill's premiere as Clark KentMan of Steel
92.2%
Abrasive cleaning materialSteel wool
79.1%
Trinidadian pitched percussion instrumentSteelpan
78.2%
1989 film starring Sally Field and Dolly PartonSteel Magnolias
69%
Fenced wrestling enclosureSteel cage
63.8%
Best-selling American romance authorDanielle Steel
59.8%
The ability to stay calm at all timesnerves of steel
55%
Hint Answer % Correct
Walter Becker's and Donald Fagen's jazz rock band Steely Dan
49.7%
'80s detective show starring Pierce BrosnanRemington Steele
47.9%
Sideways-laying Hawaiian string instrumentSteel guitar
42.4%
J.P. Morgan company with stock symbol XU.S. Steel
33.9%
Never forgets anythingmind like a steel trap
27.6%
2011 film about boxing robotsReal Steel
27.5%
1989 Rolling Stones albumSteel Wheels
19.1%
2017 Jackie Chan action thrillerBleeding Steel
3.4%
Remove Ads.
Support Sporcle.
Get the best of Sporcle when you Go Orange. This ad-free experience offers more features, more stats, and more fun while also helping to support Sporcle. Thank you for becoming a member.

You're not logged in!

Compare scores with friends on all Sporcle quizzes.
OR
Log In

Show Comments

Extras

Top Quizzes Today


Score Distribution

Your Account Isn't Verified!

In order to create a playlist on Sporcle, you need to verify the email address you used during registration. Go to your Sporcle Settings to finish the process.

Report this User

Report this user for behavior that violates our Community Guidelines.

Details: